00860nam a2200217 u 450000100100000000500170001000800410002704000250006804100390009308200130013210000200014524000590016524501150022426000650033930000280040453400910043250000220052350400340054570000410057970000220062000002525820200930023650.0110211s1977 mx a r 001 0 spa d aDO-SdBNPbspacBNPHU17aspaheng2Código de idiomas MARC ann*bnn*1 aBrandt, John C.14aThe new astronomy and space science reader.lEspañol10aLo nuevo en astronomía /cJohn C. Brandt y Stephen P. Maran ; traducción de Marco Antonio Valencia Arvizu. aMéxico, D. F. :bCompañía General de Ediciones,c1977. a468 p. :bil. ;c27 cm. aTítulo de la obra original en inglés :tThe new astronomy and space science reader aIncluye índice. aBibliografía : [463]-465 p.1 avalencia Arvizu, Marco Antonio,etr.1 aMaran, Stephen P.